La solución panameña

Saved in:
Bibliographic Details
Format: Text
Subjects:
Tags: Add Tag
No Tags, Be the first to tag this record!

MARC

LEADER 00000 a a2200000 04500
001 45584
003
040 |a CRAI/IIS  |c CRAI/IIS 
245 |a La solución panameña  
500 |a Antes se llamaba: ALAI SERVICIO MENSUAL DE INFORMACION Y DOCUMENTACION  
650 |a POLITICA INTERACIONAL  
650 |a GOBIERNO  
650 |a PARTICIPACION SOCIAL  
650 |a ESTADOS UNIDOS  
650 |a AMERICA CENTRAL  
773 |g volumen12, número104 (Junio, 1988), Págs. 7-8  
999 |c 18276  |d 18276 
773 0 |0 42391  |9 3601  |a Agencia Latinoamericana de Información, ALAI  |d Quito, Ecuador: ALAI  |o 06948  |t ALAI:  |x 08275564 (Servicio mensual de información y documentación)